Quizzes
Events
Quiz Creation
Community
Videos
Private Events
Remove Ads
Sign In
Join for FREE
Feedback
Dark Mode
Quiz Categories
Sports
Geography
Music
Movies
Television
Just For Fun
Miscellaneous
History
Literature
Language
Science
Gaming
Entertainment
Religion
Holiday
For Kids
Quiz Lab
Recent
Popular Today
Quiz Kudos Today
Editor Picks
Curator Picks
Quizzes by...
Day
Popularity
Type
Ratings
Length
Year
Community
Subscriptions
Recent Discussions
Orange Saloon
Badges
Playlists
Quests
Create
Leaderboards
Showdown
Live 5
Trivia Bingo
Activity
Puzzle Library
Sporcle Events
Private Events
Virtual Trivia
Globe League
Become a Host
Pub Owners
SporcleCon
Opinionation
Our Games
Videos
Blog
Mobile Apps
Partnerships
Remove Ads and Go Orange
Feedback
Sports
Athletes
MLB
NBA
NHL
NFL
Soccer
Sports Teams
WWE
NCAA
Football
Premier League
Basketball
Baseball
Hockey
Golf
Tennis
Cricket
Rugby
Auto Racing
Olympics
World Cup
Sports
Athletes
MLB
NBA
NHL
NFL
Soccer
Sports Teams
WWE
NCAA
Football
Premier League
Basketball
Baseball
Hockey
Golf
Tennis
Cricket
Rugby
Auto Racing
Olympics
World Cup
Random Quiz
Search Sporcle
×
Quiz Lab
Quiz Lab
Sports
million
Type in answers that appear in a list
Type in answers that appear in a list
Classic
Best Score? Go Orange.
Man Utd Transfers Stats
Can you name the players Manchester United have signed for £1m since the start of the Premier League (1992/93)?
By
Derrie
15m
54 Questions
5,792 Plays
5,792 Plays
5,792 Plays
Comments
Comments
Give Quiz Kudos
Give Quiz Kudos
-
- Ratings
hide this ad
More Info
Forced Order
Answers have to be entered in order
Answers have to be entered in order
Replay
Link that replays current quiz
Next Quiz
Link to next quiz in quiz playlist
You Got
0%
They Got
Avg Score
57%
Avg Friend Score
Upgrade to see
Score Distribution
Jump to the score distribution portion of the page
Score
0/54
Timer
15:00
0
Plays Today
Season
Player
% Correct
92/
93
Eric Cantona
90.2%
94/
95
Andrew Cole
79.2%
03/
04
Cristiano Ronaldo
78.4%
93/
94
Roy Keane
78.2%
07/
08
Nani
76.1%
09/
10
Antonio Valencia
74.7%
95/
96
Ole Gunnar Solskjaer
74.2%
08/
09
Dimitar Berbatov
73.5%
06/
07
Michael Carrick
72.9%
04/
05
Wayne Rooney
71.6%
02/
03
Rio Ferdinand
69.5%
98/
99
Dwight Yorke
69.5%
05/
06
Patrice Evra
69.5%
07/
08
Rafael Da Silva
69.4%
07/
08
Fabio Da Silva
69.1%
05/
06
Nemanja Vidic
68.7%
07/
08
Owen Hargreaves
68.7%
07/
08
Anderson
68.4%
03/
04
Alan Smith
67.3%
01/
02
Ruud Van Nistelrooy
66.4%
10/
11
Javier Hernandez
66%
96/
97
Teddy Sheringham
65.2%
03/
04
Louis Saha
65.2%
01/
02
Juan Sebastián Verón
63.6%
09/
10
Chris Smalling
61.8%
05/
06
Edwin van Der Sar
61.3%
98/
99
Jaap Stam
59%
Season
Player
% Correct
95/
96
Karel Poborsky
56.4%
03/
04
Kleberson
56.2%
97/
98
Henning Berg
55.1%
07/
08
Carlos Tevez
54.6%
09/
10
Gabriel Obertan
54.2%
08/
09
Zoran Tosic
53.4%
95/
96
Jordi Cruyff
52.5%
03/
04
Tim Howard
52.1%
01/
02
Diego Forlan
51.6%
94/
95
David May
50.6%
10/
11
Bebe
49.7%
99/
00
Fabien Barthez
48.8%
92/
93
Dion Dublin
48.6%
05/
06
Park Ji Sung
48.4%
03/
04
David Bellion
43.1%
03/
04
Eric Djemba Djemba
42.9%
98/
99
Jesper Blomqvist
41.8%
99/
00
Massimo Taibi
41.3%
95/
96
Ronny Johnsen
40.2%
99/
00
Mikael Silvestre
39.9%
03/
04
Gabriel Heinze
36.8%
07/
08
Tomasz Kuszczak
31.9%
01/
02
Roy Carroll
30.6%
96/
97
Erik Nevland
30.4%
05/
06
Ben Foster
29.7%
99/
00
Quinton Fortune
25.9%
02/
03
Ricardo
25.7%
Quiz Playlist
Details
Report
Send in Message
Add To Playlist
More Info:
Apologies should you disagree with the source.
Classic:
Type in answers that appear in a list
Forced Order:
Answers have to be entered in order
Quiz Source
Last Updated: Jul 13, 2017
Quiz Scoreboard
CHALLENGE
Sign Up to Join the Scoreboard
Show All
Scores
Hide
Comments
May contain spoilers
Recently Published
TV Characters by Other Roles V
by ghcgh
Television
5m
Decade Duel: World Leaders
by jenniferyan
History
4m
Alphabetical 'K' Countries by Flag Minefield
by ylime102
Geography
3m
More to Explore
Quiz From the Vault
Featured Blog Post
15 Basketball Trivia Facts You Can Be March Mad About
hide this ad
You Might Also Like...
Tags
1990s
1992
Man
Manchester
Manchester United
million
Player
pound
season
Signed
Transfer
United
utd
Today's Top Quizzes in Sports
Browse Sports
hide this ad
Today's Top Quizzes in million
Browse million
Top Contributed Quizzes in Sports
1
MLB 2 truths and a lie: Hall of Fame pitchers
2
Les joueurs à 100 buts en Ligue 1 Uber Eats
3
2022 World Cup Stars
4
Pick 6: NFL Teams
5
Pick 6: Minor League Baseball
6
Millionaire: NBA Finals Edition
7
50+ Goals in European Competition
8
Click the 1998 NBA Draft
9
Pick 6: Olympics
10
Iconic Moments in Football - Multiple Choice
Explore More
Trending Topics
Crossword
Kpop
Disney
Anime
Marvel
NBA
Harry Potter
Puzzle
Song
Soccer
WWE
Country
Pokémon
The Office
NFL
hide this ad
More By:
Derrie
Quiz
Plays
Rating
Category
Featured
Created
Country by Soccer Teams
317,386
4.48
Sports
Oct 5, 2009
Female Song Titles (A-Z)
102,919
3.28
Music
Feb 18, 2010
Movie Surnames
56,302
4.40
Movies
Dec 2, 2010
The Raven Rhymes
28,977
4.42
Literature
Oct 9, 2009
00s Formula One Drivers
8,072
3.88
Sports
Nov 5, 2009
Go to Creator's Profile
Score Distribution
Quiz Creator Spotlight
Derrie
Follow
Send a Message
Quizzes Created
-
Created Quiz Play Count
-
More By This Creator
Popular Quizzes Today
1
Countries of Asia Without Outlines Minefield
2
Find the US States - No Outlines Minefield
3
Pick 6: Fruits
4
The Countries of the World
5
Find the Countries of Europe - No Outlines Minefield
6
Alphabetical 'K' Countries by Flag Minefield
7
Find the US States
8
US States
More Sports Quizzes
LogiCrossword: 600 Home Runs
Curator's Pick
Trending Quizzes
Pick 6: Mountains
Pick 6: Harry Potter
Pick 6: NFL Teams
Pick 6: Flags
C Names for Actors
Recently Updated
Adaptations: Name the Title
pecheneg
NWSL Teams
pecheneg
Women's Final Four Teams by Year
bhenderson79
Presidents Quartet II
eogle
Anything But Clue(do)
eogle
Anything But Oceanian Capitals
eogle
Anything But 7
eogle
Anything But Thing
eogle
Word Ladder: February 29
pecheneg
Song Title Questions
pecheneg
Trending Topics
Disney
Harry Potter
Crossword
NBA
Anime
Marvel
Kpop
Country
Song
Soccer
WWE
Pokémon
The Office
NFL
Puzzle
Your Account Isn't Verified!
In order to create a playlist on Sporcle, you need to verify the email address you used during registration. Go to your
Sporcle Settings
to finish the process.
Report this User
Report this user for behavior that violates our
Community Guidelines
.
Details:
Send Report
Go to the Sporcle.com Mobile Site →
Comments